000 00582nam a22002051 4500
001 21184
003 CZ PrNK
005 20260224140813.0
008 010929s1944 xo ||| | slo
040 _aABA001
_bcze
_cABA001
_dABA001
100 1 _aKostra, Ján,
_d1910-1975
_4aut
245 1 0 _aMoja rodná :
_bbásne /
_cJán Kostra
250 _a2. vyd.
260 _aMartin :
_bMatica slovenská,
_c1944
300 _a78 s. ;
_c
490 1 _aKnižnica Slovenských pohľadov ;
_vsv. 57
830 0 _aKnižnica Slovenských pohľadov
910 _aABA001
942 _2ddc
_cKLDO
_n0
999 _c21184
_d21184